Library of the University of Algiers 3
Ibrahim Sultan Cheibout
شعار جامعة الجزائر 3
مكتبة جامعة الجزائر 3
إبراهيم سلطان شيبوط

استراتيجيات التسويق : (رقم التسجيلة. 45673)

تفاصيل مارك
000 -LEADER
fixed length control field 01261nam a2200253Ia 4500
003 - CONTROL NUMBER IDENTIFIER
control field Ost
005 - DATE AND TIME OF LATEST TRANSACTION
control field 20260507075654.0
008 - FIXED-LENGTH DATA ELEMENTS--GENERAL INFORMATION
fixed length control field 260507s9999||||xx |||||||||||||| ||und||
020 ## - INTERNATIONAL STANDARD BOOK NUMBER
International Standard Book Number 9957320513
040 ## - CATALOGING SOURCE
Transcribing agency fsecg
041 ## - LANGUAGE CODE
Language code of text/sound track or separate title ara
082 ## - DEWEY DECIMAL CLASSIFICATION NUMBER
Classification number 658.8
100 ## - MAIN ENTRY--PERSONAL NAME
Personal name الصميدعي، محمود جاسم محمد
Relator term مؤلف
245 #0 - TITLE STATEMENT
Title استراتيجيات التسويق :
Remainder of title مدخل"كمي وتحليلي" /
Statement of responsibility, etc. محمود جاسم محمد الصميدعي
250 ## - EDITION STATEMENT
Edition statement طبعة 2
260 ## - PUBLICATION, DISTRIBUTION, ETC.
Place of publication, distribution, etc. عمان:
Name of publisher, distributor, etc. دار الحامد للنشر والتوزيع,
Date of publication, distribution, etc. 2004
300 ## - PHYSICAL DESCRIPTION
Extent 333 صفحة؛
Other physical details إيضاحات ؛
Dimensions 24 سم
504 ## - BIBLIOGRAPHY, ETC. NOTE
Bibliography, etc. note المراجع ص.329
520 ## - SUMMARY, ETC.
Summary, etc. التخطيط الاستراتيجي للتسويق، التحليل البيئي، الخيارات الاستراتيجية للمنظمة، استراتيجيات السوق المستهدف، استراتيجيات المنتجات، استراتيجيات الأسعار، استراتيجيات الترويج، استراتيجيات التسويق الدولي، الرقابة الاستراتيجية التسويقية.
653 ## - INDEX TERM--UNCONTROLLED
Uncontrolled term ادارة المبيعات
653 ## - INDEX TERM--UNCONTROLLED
Uncontrolled term التسويق
653 ## - INDEX TERM--UNCONTROLLED
Uncontrolled term الرقابة المالية
942 ## - ADDED ENTRY ELEMENTS (KOHA)
Koha item type كتب

لا توجد مواد متاحة.

موارد الويب المفتوحة


© University of Algiers 3 All Rights Reserved
|
Implemented by LECHELAH Riad